000
00361nam a2200157Ia 4500
003
0STCL
008
150530s9999 xx 000 0 und d
040
_a
STCL
_c
STCL
100
_a
Baird; Knower
245
_a
Essentials of general speech
260
_b
Mcgraw hill
_c
1952
546
_a
English
942
_2
ddc
_c
BK
999
_c
68446
_d
68446
005
20220125171400.0